000 00625nam a22002177a 4500
999 _c3656
_d3656
003 AR-CdUCM
008 190307b ||||| |||| 00| 0 spa d
020 _a84-01-32131-X
040 _aMUNICIPALIDAD PROVINCIAL DEL CUSCO
_cBIBLIOTECA MUNICIPAL DEL CUSCO
082 _a868.6 /
_bC334
100 _aCasals, Pedro
_911900
245 _a¿Quién venció en febrero? /
260 _aBarcelona :
_bPlaza & Janés Editores,
_c1985.
300 _a219 paginas ;
_c 22 cm.
505 _aNovela.
650 _aNovela Española
_96059
650 _aLiteratura
_983
650 _aSiglo XX
_98
942 _2ddc
_cLIBROS
945 _awnts